| 000 | 00623nam a22002057a 4500 | ||
|---|---|---|---|
| 005 | 20241209121503.0 | ||
| 010 | _a B-761429 | ||
| 020 |
_a9788181536045 _c190.00 |
||
| 035 | _aB-761429 | ||
| 037 | _bGift | ||
| 082 | _a507.8 | ||
| 245 | _aRainbow 51 in 1 Science Experiments-2/ | ||
| 260 |
_aDelhi _bRainbow Books _c2019(repr.) |
||
| 270 |
_aF-32, Street No.12, Parwana Road, Jagat Puri, _b Delhi _e110051 |
||
| 300 |
_a130p. _c25cm(Hb) _bcol.ill. |
||
| 490 | _v1 | ||
| 700 |
_aAakanksha _955845 |
||
| 942 |
_2ddc _cCH _mRAI _h507.8 |
||
| 999 |
_c207496 _d207496 |
||